Bolton Wanderers Trivia - Statistics

General Stats
  • This quiz has been taken 26 times
  • The average score is 9 of 15
Answer Stats
Question Answer % Correct
What is Bolton Wanderers’s nickname? The {Trotters}
96%
What is the name of Bolton Wanderers’s stadium? Toughsheet Community Stadium
96%
Who is the current head coach of Bolton Wanderers? Steven Schumacher
87%
Which Englishman is Bolton Wanderers’s record goalscorer with 285? Nat Lofthouse
78%
Who is Bolton Wanderers’s record sale, joining Chelsea for £15m in 2008? Nicolas Anelka
78%
In 2017, which Bolton Wanderers icon was voted as the best player to have played at their present stadium? Jay-Jay Okocha
74%
Bolton Wanderers beat West Ham United 2-0 in the 1923 FA Cup Final, the first to be held at which stadium? Wembley Stadium
74%
Who won promotion from the second tier with Bolton Wanderers as a player in 1978 and as manager 2001? Sam Allardyce
70%
At which ground, famously depicted in L.S. Lowry’s painting <i>Going to the Match</i>, did Bolton Wanderers play from 1895 until 1997? Burnden Park
65%
Who is Bolton Wanderers’s record signing, arriving from Toulouse for £8.2m + Daniel Braaten in 2008? Johan Elmander
57%
With which club does Bolton Wanderers contest the M66 Derby? Bury
48%
Who is the current captain of Bolton Wanderers? George Thomason
30%
Which club did Bolton Wanderers face in the Round of 16 of the 2007/08 UEFA Cup in their best European campaign to date? Sporting CP
26%
Which Englishman is Bolton Wanderers’s record appearance-maker with 578? Eddie Hopkinson
17%
Who is Bolton Wanderers’s longest-serving manager, winning three FA Cups during his 25 years in charge? Charles Foweracker
4%
No matching quizzes found
Score Distribution
Percent of People with Each Score
Percentile by Number Answered
Your Score History
You have not taken this quiz